| 000 | 00572nam a2200181 4500 | ||
|---|---|---|---|
| 001 | 149079 | ||
| 003 | ES-MaACL | ||
| 005 | 20230906202935.0 | ||
| 007 | t| | ||
| 008 | 070214s1961 sp r ||||1| spa d | ||
| 100 | 1 |
_aSwinnerton, H. H. _9108947 |
|
| 245 | 1 | 0 |
_aElementos de Paleontología / _cH. H. Swinnerton ; traducción de José Manuel Gómez Tabanera. |
| 260 |
_aBarcelona : _bOmega, _c1961. |
||
| 300 |
_a414 p. : _bil. ; _c23 cm. |
||
| 700 | 0 |
_aGómez-Tabanera, José Manuel, _d1926-2011 _958165 |
|
| 852 |
_aES-MaACL _jC-20425 _bR.48702 |
||
| 999 |
_c149079 _d149079 |
||